| 000 | 01313cam a22003254a 4500 | ||
|---|---|---|---|
| 001 | 13634962 | ||
| 003 | SISC | ||
| 005 | 20161115161239.0 | ||
| 008 | 040624s2005 nju b 001 0 eng | ||
| 010 | _a 2004055152 | ||
| 020 | _a0805846409 (pbk. : alk. paper) | ||
| 040 |
_aDLC _cDLC _dDLC |
||
| 042 | _apcc | ||
| 050 | 0 | 0 |
_aRC 466 _b.B47 2005 |
| 082 | 0 | 0 | _a616.89/14/076 |
| 100 | 1 |
_aBerman, Pearl, _d1955- |
|
| 245 | 1 | 0 |
_aInterviewing and diagnostic exercises for clinical and counseling skills building / _cPearl S. Berman, with Susan Shopland. |
| 260 |
_aMahwah, N.J. : _bL. Erlbaum Associates, _c2005. |
||
| 300 |
_axxvi, 283 pages ; _c29 cm. |
||
| 500 | _aIncludes bibliographical references and index. | ||
| 650 | 0 |
_aMental health counseling _vProblems, exercises, etc. |
|
| 650 | 0 |
_aPsychotherapy _vProblems, exercises, etc. |
|
| 650 | 0 | _aClinical competence. | |
| 700 | 1 | _aShopland, Susan. | |
| 856 | 4 | 2 |
_3Publisher description _uhttp://www.loc.gov/catdir/enhancements/fy0644/2004055152-d.html |
| 856 | 4 | 1 |
_3Table of contents only _uhttp://www.loc.gov/catdir/enhancements/fy0644/2004055152-t.html |
| 906 |
_a7 _bcbc _corignew _d1 _eocip _f20 _gy-gencatlg |
||
| 942 |
_2lcc _cBK |
||
| 999 |
_c305272 _d305272 |
||